Statistics for Countries With The Most Child Labor

Click here to take the quiz!

General Stats

  • This quiz has been taken 19 times
  • The average score is 17 of 25

Answer Stats

NumberPercentageCountry% Correct
2317.7Chad
95%
636.2Niger
89%
2019.5Guinea
84%
1028.7Nigeria
84%
243.5Somalia
84%
1325.9Malawi
79%
1127.4Mozambique
79%
1622.8Tanzania
79%
832.9Togo
79%
536.7Uganda
79%
1525.6Zimbabwe
79%
150.3Burkina Faso
74%
2517.1Senegal
74%
1721Sierra Leone
74%
2119Afghanistan
68%
1820.5Burundi
68%
733.4Cameroon
68%
340.5Ethiopia
68%
2417.5Ivory Coast
68%
929.9Madagascar
68%
2219Nepal
53%
437.8Haiti
47%
1226.3Laos
47%
1920.1Kyrgyzstan
16%
1425.9Tonga
16%

Score Distribution

Percentile by Number Answered

Percent of People with Each Score

Your Score History

You have not taken this quiz